| 000 | 00460nam a2200157Ia 4500 | ||
|---|---|---|---|
| 005 | 20250416172542.0 | ||
| 008 | 231217s9999 xx 000 0 und d | ||
| 020 | _a978831713983 | ||
| 082 | _a004.076 GRE;1 R | ||
| 100 | _aGregg, Michael. | ||
| 245 | 0 | _aExam PREP CISA certified information systems auditor | |
| 260 |
_c2008 _bPearson Education _aNew Delhi |
||
| 300 | _axiii, 578 | ||
| 650 | _aExam,PREP,CISA,certified,information,auditor | ||
| 942 | _cAA | ||
| 999 |
_c187263 _d187263 |
||